[Event "OLNN 2122 Hamburger SK III - SC Königs"]
[Site "?"]
[Date "2022.03.20"]
[Round "7.8"]
[White "Holinka, Henning"]
[Black "Raider, Eugen"]
[Result "1-0"]
[WhiteElo "2255"]
[BlackElo "2014"]
[PlyCount "78"]
[EventDate "2022.??.??"]

1. e4 e6 2. Nc3 d5 3. Nf3 d4 4. Ne2 c5 5. c3 Nf6 6. e5 Nfd7 7. cxd4 cxd4 8. Qa4
Nc6 9. Nexd4 Ndxe5 10. Bb5 Bd7 11. Nxc6 Nxc6 12. O-O a6 13. Be2 Nb4 14. Qb3 Bc6
15. Ne5 Bd5 16. Qa4+ Nc6 17. d4 b5 18. Qd1 Bd6 19. a4 O-O 20. axb5 axb5 21.
Rxa8 Qxa8 22. Nd7 Rd8 23. Nb6 Qb8 24. Nxd5 Bxh2+ 25. Kh1 Rxd5 26. g3 Bxg3 27.
fxg3 Qxg3 28. Bf4 Qh3+ 29. Bh2 Rxd4 30. Qe1 Rh4 31. Qf2 f5 32. Rc1 Nd4 33. Rc8+
Kf7 34. Rc7+ Kf6 35. Bh5 g6 36. Bd1 h6 37. Kg1 Re4 38. Bd6 g5 39. Bc5 e5 {
Zeitüberschreitung} 1-0

[Event "OLNN 2122 SF Schwerin - SC Königssprin"]
[Site "?"]
[Date "2022.04.03"]
[Round "8.1"]
[White "Pfreundt, Jakob"]
[Black "Brynell, Stellan"]
[Result "1/2-1/2"]
[WhiteElo "2388"]
[BlackElo "2406"]
[PlyCount "117"]
[EventDate "2022.??.??"]

1. e4 e6 2. d4 d5 3. Nc3 Nf6 4. Bg5 Be7 5. e5 Nfd7 6. h4 h6 7. Bxe7 Qxe7 8. Qd2
a6 9. f4 Nb6 10. Nf3 Bd7 11. Qe3 Nc6 12. a3 O-O-O 13. Bd3 Kb8 14. h5 Na7 15. b3
Rc8 16. Ne2 Bb5 17. Bxb5 Nxb5 18. a4 Na7 19. O-O c5 20. dxc5 Qxc5 21. Qxc5 Rxc5
22. Nfd4 Nd7 23. Rae1 Re8 24. Rf3 f6 25. Re3 fxe5 26. fxe5 Nc6 27. Nxc6+ Rxc6
28. Nd4 Rc7 29. Rf1 Re7 30. Kh2 Rc8 31. Rf4 Rg8 32. Rg4 Kc8 33. a5 Rge8 34. g3
Nb8 35. Rf3 Nd7 36. Rc3+ Kb8 37. Re3 Kc8 38. b4 Kb8 39. Rf4 Rc8 40. c3 Rc4 41.
Nf3 Rxf4 42. gxf4 Kc7 43. Nd4 Nf8 44. Rg3 Kd7 45. f5 exf5 46. Nxf5 Rxe5 47.
Rxg7+ Kd8 48. Nd6 Rxh5+ 49. Kg3 Rg5+ 50. Rxg5 hxg5 51. Nxb7+ Kc7 52. Nc5 Kc6
53. Nxa6 Ne6 54. Kg4 Kb5 55. Nb8 d4 56. cxd4 Nxd4 57. a6 Kb6 58. Kxg5 Ka7 59.
Kf6 1/2-1/2

[Event "OLNN 2122 SF Schwerin - SC Königssprin"]
[Site "?"]
[Date "2022.04.03"]
[Round "8.2"]
[White "Schulz, Karsten"]
[Black "Zimmermann, Julian"]
[Result "1/2-1/2"]
[WhiteElo "2301"]
[BlackElo "2297"]
[PlyCount "75"]
[EventDate "2022.??.??"]

1. Nf3 Nf6 2. g3 g6 3. b3 Bg7 4. Bb2 O-O 5. Bg2 d5 6. c4 Nc6 7. O-O d4 8. b4 d3
9. b5 Nb4 10. exd3 Nxd3 11. Bc3 Ne4 12. Bxg7 Kxg7 13. Qe2 Nec5 14. Nc3 Bg4 15.
Ne4 Ne6 16. Qe3 a6 17. Neg5 Qd6 18. Nxe6+ Bxe6 19. Nd4 Bxc4 20. Bxb7 e5 21. Nf3
axb5 22. Bxa8 Rxa8 23. a3 f6 24. Ne1 Nc5 25. d3 Bd5 26. Nc2 Nb3 27. Rab1 c5 28.
Rb2 Rd8 29. Rfb1 c4 30. dxc4 bxc4 31. Rd1 Qc7 32. Qc3 Ba8 33. Rxd8 Qxd8 34. Ne3
Nd4 35. Qxc4 Nf3+ 36. Kf1 Nd2+ 37. Rxd2 Qxd2 38. Qc7+ 1/2-1/2

[Event "OLNN 2122 SF Schwerin - SC Königssprin"]
[Site "?"]
[Date "2022.04.03"]
[Round "8.3"]
[White "Rosmann, Ilja"]
[Black "Reichmann, Hendrik"]
[Result "1-0"]
[WhiteElo "2278"]
[BlackElo "2332"]
[PlyCount "79"]
[EventDate "2022.??.??"]

1. e4 g6 2. d4 Bg7 3. Nc3 d6 4. Be3 a6 5. Qd2 b5 6. f3 Nd7 7. O-O-O Bb7 8. h4
h5 9. Nh3 Rc8 10. Ng5 c5 11. dxc5 Nxc5 12. Bd4 Nf6 13. Nd5 e5 14. Nxf6+ Bxf6
15. Bc3 Rc6 16. Be2 Qc8 17. Kb1 Be7 18. g3 f6 19. Nh3 Kf7 20. Nf2 Qe6 21. g4
Rcc8 22. gxh5 gxh5 23. Bf1 Rc6 24. Bh3 Qc4 25. Bf1 Qe6 26. f4 Kf8 27. Rg1 Qf7
28. Bh3 Qc4 29. Rg3 Nxe4 30. Nxe4 Qxe4 31. fxe5 dxe5 32. Bb4 Qxb4 33. Qxb4 Bxb4
34. Rd8+ Ke7 35. Rxh8 Kd6 36. c3 Ba5 37. Rd3+ Kc5 38. b4+ Kc4 39. Bf1 Bc7 40.
Kc2 1-0

[Event "OLNN 2122 SF Schwerin - SC Königssprin"]
[Site "?"]
[Date "2022.04.03"]
[Round "8.4"]
[White "Wolf, Christoph"]
[Black "Schmidt, Jan-Peter"]
[Result "0-1"]
[WhiteElo "2215"]
[BlackElo "2262"]
[PlyCount "104"]
[EventDate "2022.??.??"]

1. e4 c5 2. Nf3 Nc6 3. c3 Nf6 4. e5 Nd5 5. d4 cxd4 6. cxd4 d6 7. exd6 Qxd6 8.
Nc3 g6 9. Bc4 Nb6 10. Bb3 Bg7 11. Ne4 Qd8 12. Be3 O-O 13. h3 Na5 14. O-O Nxb3
15. axb3 Nd5 16. Qe2 b6 17. Ne5 Bb7 18. Bd2 Nc7 19. Nf3 Ne6 20. Bc3 Qd5 21.
Rfe1 Qxb3 22. Ned2 Qd5 23. Qe4 Rfd8 24. Qxd5 Rxd5 25. Nc4 Rdd8 26. Nce5 a5 27.
Nc4 Bxf3 28. gxf3 Rab8 29. Ne5 Rbc8 30. Rad1 Rd5 31. h4 Bxe5 32. dxe5 Rcd8 33.
Rxd5 Rxd5 34. Kg2 h5 35. Kg3 Ng7 36. Re4 Kf8 37. Rc4 Ke8 38. Rc7 Kd8 39. Rb7
Rb5 40. Kf4 Ne6+ 41. Ke3 Nc5 42. Ra7 Na4 43. Bd4 Nxb2 44. f4 Rb3+ 45. Ke4 Rb4
46. Ke3 Na4 47. e6 fxe6 48. Ra8+ Kd7 49. Rg8 Rb3+ 50. Ke4 Nc3+ 51. Kd3 Nd5+ 52.
Kc2 Rb4 0-1

[Event "OLNN 2122 SF Schwerin - SC Königssprin"]
[Site "?"]
[Date "2022.04.03"]
[Round "8.5"]
[White "Borgmeyer, Max"]
[Black "Rittemann, Steffen"]
[Result "1-0"]
[WhiteElo "2187"]
[BlackElo "2160"]
[PlyCount "149"]
[EventDate "2022.??.??"]

1. e4 c5 2. Nf3 d6 3. d4 cxd4 4. Nxd4 Nf6 5. Nc3 a6 6. Be3 e5 7. Nb3 Be6 8. f3
Be7 9. Qd2 O-O 10. O-O-O a5 11. Kb1 a4 12. Nc1 a3 13. b3 Na6 14. g4 Nb4 15. g5
Nh5 16. Nd5 Nxd5 17. exd5 Bf5 18. Bd3 Qd7 19. Ne2 Bxd3 20. Qxd3 Qh3 21. Bc1 f5
22. f4 Qxd3 23. Rxd3 Rfc8 24. fxe5 dxe5 25. d6 Bd8 26. Rd5 Ra5 27. Rxa5 Bxa5
28. Bxa3 Kf7 29. c4 Ke6 30. c5 f4 31. b4 Bd8 32. Nc3 Bxg5 33. Ne4 Bh4 34. b5
Nf6 35. Nxf6 Bxf6 36. Kc2 e4 37. Re1 Kf5 38. d7 Ra8 39. Bc1 f3 40. Kb3 g5 41.
c6 bxc6 42. bxc6 Bd8 43. Be3 Ke6 44. Rd1 h6 45. Rd4 Ra6 46. c7 Bxc7 47. d8=Q
Rb6+ 48. Kc2 Rc6+ 49. Kb2 Rb6+ 50. Kc2 Bxd8 51. Rxd8 Ra6 52. Kb3 Kf5 53. h3 Rf6
54. a4 g4 55. hxg4+ Kxg4 56. Rg8+ Kh3 57. Bf2 h5 58. a5 Rd6 59. Bc5 e3 60. Bxd6
f2 61. Rg3+ Kh4 62. Rf3 Kg4 63. Rf4+ Kg5 64. a6 e2 65. a7 f1=Q 66. a8=Q Qd1+
67. Kc4 Qc2+ 68. Kb5 Qb3+ 69. Kc5 Qc3+ 70. Rc4 Qe3+ 71. Kb5 Qb3+ 72. Bb4 e1=Q
73. Qd5+ Kf6 74. Rc6+ Qe6 75. Rxe6+ 1-0

[Event "OLNN 2122 SF Schwerin - SC Königssprin"]
[Site "?"]
[Date "2022.04.03"]
[Round "8.6"]
[White "Grahl, Arvid"]
[Black "Wagner, Friedrich"]
[Result "1-0"]
[WhiteElo "2148"]
[BlackElo "2143"]
[PlyCount "79"]
[EventDate "2022.??.??"]

1. d4 d5 2. c4 c6 3. Nc3 Nf6 4. Nf3 a6 5. c5 Bf5 6. Bf4 Nbd7 7. Qb3 Qc8 8. h3
h6 9. e3 e6 10. Be2 Be7 11. O-O O-O 12. Qd1 Bd8 13. b4 Bc7 14. a4 Qb8 15. Bxc7
Qxc7 16. b5 axb5 17. axb5 Rfb8 18. b6 Qd8 19. Qb3 Rxa1 20. Rxa1 Qe8 21. Ra7 e5
22. Qa2 Bg6 23. Nd2 Nh7 24. Nb3 Nhf8 25. Na5 Qc8 26. Nxb7 exd4 27. exd4 Ne6 28.
Nd6 Qd8 29. Bg4 Nxb6 30. Bxe6 fxe6 31. cxb6 Qxd6 32. Ra8 Kh7 33. Rxb8 Qxb8 34.
Qa7 Qf4 35. Ne2 Qd2 36. b7 Qxe2 37. b8=Q Qe1+ 38. Kh2 Qxf2 39. Qe5 Bf7 40. Qa3
1-0

[Event "OLNN 2122 SF Schwerin - SC Königssprin"]
[Site "?"]
[Date "2022.04.03"]
[Round "8.7"]
[White "Lampe, Joerg"]
[Black "Heinsohn, Wilfried"]
[Result "1/2-1/2"]
[WhiteElo "2106"]
[BlackElo "2131"]
[PlyCount "46"]
[EventDate "2022.??.??"]

1. e4 d5 2. exd5 Qxd5 3. Nc3 Qd6 4. d4 Nf6 5. Bc4 a6 6. Nge2 b5 7. Bb3 e6 8.
Bf4 Qb6 9. d5 c5 10. dxc6 Qxc6 11. f3 Be7 12. Be3 O-O 13. O-O Nbd7 14. Qe1 Nc5
15. Qf2 Bb7 16. Nd4 Qb6 17. a3 Nxb3 18. Nxb3 Qc7 19. Bb6 Qc8 20. Bc5 Bxc5 21.
Nxc5 Rd8 22. Rfd1 Qc6 23. Nxb7 Qxb7 1/2-1/2

[Event "OLNN 2122 SF Schwerin - SC Königssprin"]
[Site "?"]
[Date "2022.04.03"]
[Round "8.8"]
[White "Kunze, Kerstin"]
[Black "Raider, Eugen"]
[Result "1/2-1/2"]
[WhiteElo "2056"]
[BlackElo "2024"]
[PlyCount "53"]
[EventDate "2022.??.??"]

1. e4 e6 2. Nc3 d5 3. Nf3 d4 4. Ne2 c5 5. c3 Nf6 6. cxd4 cxd4 7. Nexd4 Nxe4 8.
Bd3 Nf6 9. b3 Bc5 10. Qc2 Bxd4 11. Nxd4 O-O 12. Nb5 Nc6 13. Ba3 a6 14. Bxf8
axb5 15. Bc5 b6 16. Be4 Bb7 17. Bxc6 Bxc6 18. Be7 Qd5 19. Bxf6 gxf6 20. O-O-O
Rc8 21. Kb1 Bb7 22. Qb2 Qd3+ 23. Ka1 Rc2 24. Qxf6 Bd5 25. Qd8+ Kg7 26. Qg5+ Kh8
27. Qd8+ 1/2-1/2

[Event "OLNN 2122 SC Diogenes - SK Johanneum Ep"]
[Site "?"]
[Date "2022.04.03"]
[Round "8.1"]
[White "Wedberg, Tom"]
[Black "Schulenburg, Torben"]
[Result "1/2-1/2"]
[WhiteElo "2401"]
[BlackElo "2210"]
[PlyCount "91"]
[EventDate "2022.??.??"]

1. e4 e6 2. d4 d5 3. Nc3 Bb4 4. e5 c5 5. a3 Bxc3+ 6. bxc3 Ne7 7. a4 O-O 8. Bd3
c4 9. Be2 f6 10. exf6 Rxf6 11. Nf3 Nbc6 12. Bg5 Rf8 13. O-O Qd6 14. Re1 Ng6 15.
Bf1 Bd7 16. g3 h6 17. Bc1 Rf6 18. Bg2 Qc7 19. Re3 Nge7 20. Qe1 Nf5 21. Re2 g5
22. h3 Raf8 23. Nh2 Kh7 24. Ng4 Rg6 25. Ne5 Nxe5 26. Rxe5 Rgf6 27. f4 gxf4 28.
Bxf4 Qd8 29. Bd2 Rg6 30. g4 Nh4 31. Qe3 Nxg2 32. Kxg2 Qf6 33. a5 Qg7 34. Rb1
Bc8 35. Be1 Rf7 36. Bg3 Qf8 37. Bh4 Rf5 38. Rb5 Rf7 39. Rc5 Bd7 40. Qe1 Kg7 41.
Bg3 Kh7 42. Rc7 Bc8 43. Rxf7+ Qxf7 44. Re3 h5 45. Rf3 Rf6 46. Rxf6 1/2-1/2

[Event "OLNN 2122 SC Diogenes - SK Johanneum Ep"]
[Site "?"]
[Date "2022.04.03"]
[Round "8.2"]
[White "Schulenburg, Fabian"]
[Black "von Gleich, Alexander"]
[Result "1/2-1/2"]
[WhiteElo "2312"]
[BlackElo "2331"]
[PlyCount "24"]
[EventDate "2022.??.??"]

1. e4 c5 2. Nf3 e6 3. b3 b6 4. Bb2 Bb7 5. Nc3 a6 6. g3 Nf6 7. Qe2 Qc7 8. Bg2
Nc6 9. O-O d6 10. Nd1 Be7 11. d3 O-O 12. Ne3 Rac8 1/2-1/2

[Event "OLNN 2122 SC Diogenes - SK Johanneum Ep"]
[Site "?"]
[Date "2022.04.03"]
[Round "8.4"]
[White "Laqua, Christian"]
[Black "Zart, Ruediger"]
[Result "1/2-1/2"]
[WhiteElo "2101"]
[BlackElo "2144"]
[PlyCount "25"]
[EventDate "2022.??.??"]

1. c4 c6 2. Nf3 d5 3. b3 Nf6 4. g3 Bg4 5. Bg2 Nbd7 6. Bb2 e6 7. O-O Bd6 8. d3
Qe7 9. a3 a5 10. Nbd2 O-O 11. Qc2 e5 12. e4 dxe4 13. dxe4 1/2-1/2

[Event "OLNN 2122 SC Diogenes - SK Johanneum Ep"]
[Site "?"]
[Date "2022.04.03"]
[Round "8.5"]
[White "Behrhorst, Frank"]
[Black "Rieling, Thomas"]
[Result "1-0"]
[WhiteElo "2227"]
[BlackElo "2064"]
[PlyCount "49"]
[EventDate "2022.??.??"]

1. d4 Nf6 2. c4 e6 3. Nc3 d5 4. Bg5 Be7 5. Nf3 O-O 6. e3 b6 7. Bxf6 Bxf6 8.
cxd5 exd5 9. Bd3 Bb7 10. Qc2 g6 11. O-O Qe7 12. Rac1 c5 13. dxc5 bxc5 14. Na4
Nd7 15. Nxc5 Rfc8 16. b4 a5 17. Bb5 Bc6 18. Qd3 axb4 19. Bxc6 Rxc6 20. Qxd5 Qd6
21. Qxd6 Rxd6 22. Ne4 Rd3 23. Rfd1 Raa3 24. Ne1 Rxd1 25. Rxd1 1-0

[Event "OLNN 2122 SC Diogenes - SK Johanneum Ep"]
[Site "?"]
[Date "2022.04.03"]
[Round "8.6"]
[White "Kilic, Oguz"]
[Black "Johannsen, Dennis"]
[Result "1/2-1/2"]
[WhiteElo "2042"]
[BlackElo "2113"]
[PlyCount "68"]
[EventDate "2022.??.??"]

1. e4 c6 2. Nc3 d5 3. d3 Nf6 4. e5 Nfd7 5. f4 e6 6. Nf3 Qb6 7. Be2 Be7 8. b3
O-O 9. Na4 Qc7 10. O-O c5 11. c4 Nc6 12. Nc3 Nb6 13. Qe1 Bd7 14. Qg3 Nd4 15.
Nxd4 cxd4 16. Nd1 Kh8 17. Bd2 f6 18. Nf2 Bc6 19. Rac1 Rf7 20. Ba5 Qd7 21. Ng4
f5 22. Nf2 Rg8 23. Nh3 dxc4 24. bxc4 Na4 25. Kh1 g6 26. Ng5 Rfg7 27. Bf3 Ba3
28. Rc2 Bb2 29. Bxc6 Qxc6 30. Qf3 Qxf3 31. gxf3 b6 32. Bb4 Re8 33. Bd6 Bc3 34.
Rb1 Ba5 1/2-1/2

[Event "OLNN 2122 SC Diogenes - SK Johanneum Ep"]
[Site "?"]
[Date "2022.04.03"]
[Round "8.7"]
[White "Keyser, Robin"]
[Black "Kalla, Christian"]
[Result "1-0"]
[WhiteElo "2106"]
[BlackElo "1984"]
[PlyCount "69"]
[EventDate "2022.??.??"]

1. d4 Nf6 2. c4 g6 3. g3 c6 4. Bg2 d5 5. Qa4 Bg7 6. cxd5 Nxd5 7. Nf3 O-O 8. O-O
Nd7 9. e4 N5b6 10. Qc2 e5 11. Bg5 Bf6 12. Bh6 Re8 13. a4 a5 14. dxe5 Nxe5 15.
Nxe5 Bxe5 16. Nc3 Qe7 17. Kh1 Nc4 18. Rae1 Qc5 19. Nb1 Qb4 20. b3 Na3 21. Nxa3
Qxa3 22. f4 Qb2 23. Qd1 Bg7 24. Bxg7 Kxg7 25. f5 Ra6 26. Qf3 f6 27. e5 Rxe5 28.
fxg6 c5 29. gxh7 Kxh7 30. Qd3+ Kg7 31. Qd8 Rxe1 32. Rxe1 Re6 33. Rf1 Re2 34.
Qxc8 Rxg2 35. Qxb7+ 1-0

[Event "OLNN 2122 SC Diogenes - SK Johanneum Ep"]
[Site "?"]
[Date "2022.04.03"]
[Round "8.8"]
[White "Buchholz, Robert"]
[Black "Ahmels, Volker"]
[Result "1/2-1/2"]
[WhiteElo "1993"]
[BlackElo "2174"]
[PlyCount "40"]
[EventDate "2022.??.??"]

1. d4 Nf6 2. Nf3 b6 3. g3 Bb7 4. Bg2 g6 5. c4 Bg7 6. Nc3 O-O 7. O-O d6 8. Re1
Ne4 9. Nxe4 Bxe4 10. Be3 c5 11. Qd2 Nc6 12. d5 Bxf3 13. exf3 Ne5 14. b3 Rb8 15.
Bh6 Bxh6 16. Qxh6 f5 17. Qe3 Rf7 18. f4 Ng4 19. Qd3 Qf8 20. h4 Qg7 1/2-1/2

[Event "OLNN 2122 SK Doppelbauer Turm Kiel II -"]
[Site "?"]
[Date "2022.04.03"]
[Round "8.1"]
[White "Hansen, Mads"]
[Black "Parvanyan, Ashot"]
[Result "0-1"]
[WhiteElo "2397"]
[BlackElo "2455"]
[PlyCount "60"]
[EventDate "2022.??.??"]

1. d4 Nf6 2. c4 g6 3. h4 c5 4. d5 b5 5. cxb5 a6 6. e3 Bg7 7. Nc3 O-O 8. g4 axb5
9. g5 Ne8 10. Bxb5 Nd6 11. Bd3 Ba6 12. Bc2 Qa5 13. Nf3 Nb5 14. Bd2 Nxc3 15.
bxc3 Bxc3 16. h5 d6 17. hxg6 fxg6 18. Bxg6 hxg6 19. Qc2 Bxd2+ 20. Nxd2 Rf5 21.
Rh6 Rxg5 22. f4 Rg2 23. Rxg6+ Rxg6 24. Qxg6+ Kf8 25. Qh6+ Ke8 26. Qh8+ Kd7 27.
Rb1 Kc7 28. Qe8 Qc3 29. Qxe7+ Nd7 30. Qxd6+ Kxd6 0-1

[Event "OLNN 2122 SK Doppelbauer Turm Kiel II -"]
[Site "?"]
[Date "2022.04.03"]
[Round "8.2"]
[White "Hector, Jonny"]
[Black "Pedersen, Steffen"]
[Result "1/2-1/2"]
[WhiteElo "2438"]
[BlackElo "2344"]
[PlyCount "141"]
[EventDate "2022.??.??"]

1. e4 c6 2. d4 d5 3. Nd2 dxe4 4. Nxe4 Bf5 5. Ng3 Bg6 6. h4 h6 7. Bd3 Bxd3 8.
Qxd3 e6 9. N1e2 Nf6 10. Bd2 Nbd7 11. O-O-O Qc7 12. Kb1 O-O-O 13. Qf3 Kb8 14.
Rhe1 Ka8 15. Nc3 Nb6 16. Bc1 Be7 17. h5 Nbd5 18. Nce4 Nxe4 19. Nxe4 Rhf8 20. c4
Nf6 21. Nc3 Qa5 22. g4 Bb4 23. Re3 Qa6 24. a3 Bd6 25. c5 Be7 26. Red3 Nd5 27.
Qg3 Nxc3+ 28. Rxc3 Rd7 29. f4 Rfd8 30. Be3 Rd5 31. Rd2 f6 32. Qg2 Qa4 33. Ka2
Bf8 34. g5 fxg5 35. fxg5 e5 36. dxe5 Rxd2 37. Bxd2 Qd4 38. gxh6 gxh6 39. Bc1
Qxe5 40. Qg6 Bg7 41. Rb3 Rf8 42. Re3 Qd5+ 43. Kb1 Qd7 44. Rd3 Qe7 45. Qd6 Qe4
46. Ka1 a6 47. Ka2 Qc4+ 48. Rb3 Rf7 49. Bd2 Bf8 50. Qd8+ Ka7 51. Bc3 Bxc5 52.
Be5 Rf8 53. Qc7 Qf7 54. Qxf7 Rxf7 55. Rh3 Rf5 56. Bg7 Bf8 57. Bc3 c5 58. a4 Kb6
59. a5+ Kc6 60. Rg3 Rxh5 61. Rg6+ Bd6 62. Bd2 c4 63. Kb1 Rd5 64. Bb4 h5 65. Rh6
h4 66. Kc2 Kc7 67. Bxd6+ Rxd6 68. Rxh4 b6 69. Rxc4+ Rc6 70. axb6+ Kxb6 71.
Rxc6+ 1/2-1/2

[Event "OLNN 2122 SK Doppelbauer Turm Kiel II -"]
[Site "?"]
[Date "2022.04.03"]
[Round "8.3"]
[White "Reinecker, Kai"]
[Black "Pajeken, Jakob Leon"]
[Result "0-1"]
[WhiteElo "2271"]
[BlackElo "2386"]
[PlyCount "90"]
[EventDate "2022.??.??"]

1. e4 c5 2. c3 d5 3. exd5 Qxd5 4. d4 Nf6 5. Nf3 e6 6. Na3 Qd8 7. Nc2 Nc6 8. Bg5
h6 9. Bh4 Be7 10. dxc5 Bxc5 11. Qxd8+ Kxd8 12. Bb5 g5 13. Bg3 Ne4 14. O-O-O+
Ke7 15. Bxc6 bxc6 16. Ne5 Nxg3 17. fxg3 Kf6 18. Nxc6 Ba6 19. N2b4 Bb5 20. Nd4
Bc4 21. Nbc2 Rac8 22. b3 Bxd4 23. Nxd4 Bd5 24. Rhf1+ Kg6 25. c4 Bxg2 26. Rf2
Bh3 27. Nf3 f6 28. Rd7 Rh7 29. Rxh7 Kxh7 30. Ng1 Bf5 31. g4 Bxg4 32. Rxf6 Rd8
33. Rf1 Kg6 34. Nf3 Bxf3 35. Rxf3 g4 36. Rf2 h5 37. c5 h4 38. b4 Kg5 39. Rf7 g3
40. hxg3 hxg3 41. Rg7+ Kf4 42. c6 Kf3 43. b5 g2 44. a4 Rd4 45. Kb2 Rxa4 0-1

[Event "OLNN 2122 SK Doppelbauer Turm Kiel II -"]
[Site "?"]
[Date "2022.04.03"]
[Round "8.5"]
[White "Moeller, Dustin"]
[Black "Arndt, Magnus"]
[Result "1/2-1/2"]
[WhiteElo "2241"]
[BlackElo "2343"]
[PlyCount "75"]
[EventDate "2022.??.??"]

1. d4 Nf6 2. c4 e6 3. Nf3 a6 4. Nc3 d5 5. c5 b6 6. cxb6 cxb6 7. Bf4 Bd6 8. Bxd6
Qxd6 9. e3 Nc6 10. Bd3 O-O 11. O-O Rd8 12. Rc1 e5 13. dxe5 Nxe5 14. Nxe5 Qxe5
15. h3 Be6 16. Ne2 Qxb2 17. Nd4 Bd7 18. Rb1 Qxa2 19. Rxb6 Ne4 20. Qf3 Qa5 21.
Rfb1 Qc5 22. Bxe4 dxe4 23. Qxe4 a5 24. Rb7 Rac8 25. Qf4 h6 26. R1b5 Qc1+ 27.
Kh2 a4 28. Nf5 Bxb5 29. Nxh6+ Kh7 30. Nxf7 Rd7 31. Rxb5 Kg8 32. Ne5 Ra7 33. Ra5
Rxa5 34. Qf7+ Kh8 35. Qh5+ Kg8 36. Qf7+ Kh8 37. Qh5+ Kg8 38. Qf7+ 1/2-1/2

[Event "OLNN 2122 SK Doppelbauer Turm Kiel II -"]
[Site "?"]
[Date "2022.04.03"]
[Round "8.6"]
[White "Beeck, Mats"]
[Black "Light, Bjarne"]
[Result "1-0"]
[WhiteElo "2169"]
[BlackElo "2212"]
[PlyCount "67"]
[EventDate "2022.??.??"]

1. d4 Nf6 2. c4 c5 3. d5 b5 4. cxb5 e6 5. Nc3 exd5 6. Nxd5 Bb7 7. e4 Be7 8. Bc4
O-O 9. Nf3 Nxd5 10. exd5 a6 11. bxa6 Bxa6 12. Nd2 d6 13. O-O Bf6 14. a4 Nd7 15.
Bxa6 Rxa6 16. Nc4 Nb6 17. Nxb6 Rxb6 18. Rb1 Qa8 19. b3 Rfb8 20. Bf4 Qa6 21. Qc2
Qb7 22. a5 Ra6 23. Qc4 Qb5 24. Bd2 Bd8 25. Rfe1 Kf8 26. Qe4 Bxa5 27. Qxh7 f6
28. Bxa5 Rxa5 29. h4 Ra3 30. Re3 c4 31. Rbe1 Ra7 32. bxc4 Qb4 33. Qh8+ Kf7 34.
Qh5+ 1-0

[Event "OLNN 2122 SK Doppelbauer Turm Kiel II -"]
[Site "?"]
[Date "2022.04.03"]
[Round "8.7"]
[White "Dittmann, Hans-Adolf"]
[Black "Junge, Ralph"]
[Result "0-1"]
[WhiteElo "2083"]
[BlackElo "2224"]
[PlyCount "88"]
[EventDate "2022.??.??"]

1. e4 c5 2. Nf3 g6 3. d4 cxd4 4. Nxd4 Bg7 5. Nc3 Nc6 6. Be3 Nf6 7. Be2 Qa5 8.
Nb3 Qc7 9. f4 d6 10. O-O O-O 11. Bf3 Be6 12. Qe2 Nb4 13. Rfd1 Bc4 14. Qf2 Nd7
15. Bd4 Bxd4 16. Rxd4 e5 17. Rd2 exf4 18. Rad1 Ne5 19. Rxd6 Rad8 20. Rxd8 Rxd8
21. Rxd8+ Qxd8 22. a3 Nbc6 23. Nd5 Bxb3 24. cxb3 g5 25. b4 b6 26. Bd1 Kg7 27.
Bb3 Qd6 28. h3 Ne7 29. Qd4 Nxd5 30. Bxd5 Qf6 31. Qc3 h5 32. Kf2 g4 33. hxg4
hxg4 34. Ke2 Qg5 35. a4 Kf6 36. Qc8 f3+ 37. gxf3 gxf3+ 38. Kd1 Qg1+ 39. Kc2
Qh2+ 40. Kb3 f2 41. Qf5+ Kg7 42. Ka2 f6 43. Bb7 Nc4 44. e5 f1=Q 0-1

[Event "OLNN 2122 SK Doppelbauer Turm Kiel II -"]
[Site "?"]
[Date "2022.04.03"]
[Round "8.8"]
[White "Budzyn, Matthias"]
[Black "Kornrumpf, Joachim"]
[Result "1-0"]
[WhiteElo "2157"]
[BlackElo "2050"]
[PlyCount "121"]
[EventDate "2022.??.??"]

1. e4 c5 2. c3 Nf6 3. e5 Nd5 4. Nf3 e6 5. Bc4 b6 6. O-O Ba6 7. Na3 Bxc4 8. Nxc4
Qc7 9. d3 h6 10. a4 Nc6 11. Qe2 Be7 12. Qe4 O-O 13. Ne3 Nxe3 14. Bxe3 d5 15.
Qg4 Nxe5 16. Nxe5 Qxe5 17. Bxh6 f5 18. Bf4 Qf6 19. Qe2 Rfe8 20. Rae1 Bf8 21.
Be5 Qh6 22. f4 Be7 23. Rf3 Bf6 24. Rh3 Qg6 25. Rg3 Qh6 26. Bxf6 Qxf6 27. Qh5
Re7 28. Rg6 Qf7 29. Re3 Kf8 30. Qh8+ Qg8 31. Qxg8+ Kxg8 32. Rgxe6 Rd7 33. R3e5
Rf8 34. Kf2 d4 35. c4 Kh7 36. Re7 Rxe7 37. Rxe7 a6 38. Kf3 Rf6 39. h3 a5 40. g4
Rh6 41. gxf5 Rxh3+ 42. Kg4 Rh6 43. Re6 Rh2 44. Rxb6 Rd2 45. Rb3 Rg2+ 46. Kf3
Rh2 47. Ke4 Rf2 48. Rb5 Re2+ 49. Kd5 Re3 50. Rb3 Rf3 51. Kxc5 Rxf4 52. Kd5
Rxf5+ 53. Kxd4 g5 54. Rb5 Rf4+ 55. Ke3 Kg6 56. Rxa5 Rf7 57. b4 g4 58. Ra8 Kg5
59. Rg8+ Kh4 60. a5 g3 61. b5 1-0

[Event "OLNN 2122 Schachfreunde HH - Hamburger"]
[Site "?"]
[Date "2022.04.03"]
[Round "8.1"]
[White "Colpe, Malte"]
[Black "Hourigan, Gerrit"]
[Result "1-0"]
[WhiteElo "2349"]
[BlackElo "2312"]
[PlyCount "67"]
[EventDate "2022.??.??"]

1. d4 Nf6 2. c4 e6 3. Nf3 d5 4. Nc3 dxc4 5. e4 Bb4 6. Bxc4 Nxe4 7. O-O Nxc3 8.
bxc3 Be7 9. Ne5 O-O 10. Qg4 Nc6 11. Re1 Qe8 12. Bf4 f5 13. Qg3 Nxe5 14. Bxe5
Qg6 15. Bxc7 Bf6 16. Qd6 Qe8 17. Rab1 Qc6 18. Qxc6 bxc6 19. Bxe6+ Bxe6 20. Rxe6
Rac8 21. Bd6 Rfe8 22. Rxe8+ Rxe8 23. Kf1 Kf7 24. Bc5 a5 25. a4 Bg5 26. Rb7+ Ke6
27. c4 Kf6 28. g3 Bd2 29. Rc7 Re6 30. d5 Re1+ 31. Kg2 cxd5 32. cxd5 Bc3 33. Bf8
Ke5 34. Rxc3 1-0

[Event "OLNN 2122 Schachfreunde HH - Hamburger"]
[Site "?"]
[Date "2022.04.03"]
[Round "8.2"]
[White "Ritscher, Jan-Paul"]
[Black "Woelk, Tom-Frederic"]
[Result "0-1"]
[WhiteElo "2269"]
[BlackElo "2316"]
[PlyCount "78"]
[EventDate "2022.??.??"]

1. d4 d5 2. Nf3 Nf6 3. c4 e6 4. g3 dxc4 5. Bg2 a6 6. a4 Nc6 7. O-O Rb8 8. a5 b5
9. axb6 cxb6 10. Bf4 Bd6 11. Ne5 Ne7 12. Nxc4 Bxf4 13. gxf4 O-O 14. e3 Nfd5 15.
Ne5 Bb7 16. Qb3 a5 17. Rc1 Nb4 18. Bxb7 Rxb7 19. Nd2 Ned5 20. Ndf3 Qf6 21. h3
Qf5 22. Kh2 f6 23. Nc4 Rd7 24. Rg1 Rc8 25. Qa4 Rdd8 26. Rac1 Qd3 27. Nd6 Rxc1
28. Rxc1 h6 29. Nb7 Qe2 30. Kg3 Ne7 31. Re1 Nf5+ 32. Kg2 Nxe3+ 33. Kg3 Nf5+ 34.
Kg2 Qxb2 35. Qb5 Rb8 36. Re2 Qb3 37. Qxb6 Qd5 38. Qxe6+ Qxe6 39. Rxe6 Rxb7 0-1

[Event "OLNN 2122 Schachfreunde HH - Hamburger"]
[Site "?"]
[Date "2022.04.03"]
[Round "8.4"]
[White "Gremmel, Jonas Simon"]
[Black "Zieher, Hartmut"]
[Result "1-0"]
[WhiteElo "2019"]
[BlackElo "2112"]
[PlyCount "41"]
[EventDate "2022.??.??"]

1. d4 f5 2. Bg5 g6 3. Nd2 Bg7 4. e4 d6 5. Ngf3 c6 6. Bd3 fxe4 7. Nxe4 Nd7 8.
Nxd6+ Kf8 9. Nxc8 Rxc8 10. O-O Ngf6 11. Re1 Qe8 12. c4 h6 13. Bd2 g5 14. Qc2
Kg8 15. Bg6 Qd8 16. Qf5 Nf8 17. Ne5 Nxg6 18. Nxg6 Rc7 19. Bb4 Qxd4 20. Rad1
Qxc4 21. Rd8+ 1-0

[Event "OLNN 2122 Schachfreunde HH - Hamburger"]
[Site "?"]
[Date "2022.04.03"]
[Round "8.5"]
[White "Schumacher, Norbert"]
[Black "Zimmermann, Martin"]
[Result "1/2-1/2"]
[WhiteElo "2137"]
[BlackElo "2140"]
[PlyCount "117"]
[EventDate "2022.??.??"]

1. d4 d5 2. c4 e6 3. Nc3 Nf6 4. Bg5 Be7 5. e3 c6 6. Nf3 Nbd7 7. cxd5 Nxd5 8.
Bxe7 Qxe7 9. Bd3 N7f6 10. O-O O-O 11. Rc1 Bd7 12. Na4 Rfd8 13. a3 Be8 14. Qc2
h6 15. Rfd1 Nd7 16. Qb3 Nf8 17. e4 Nf4 18. Bf1 N4g6 19. e5 Rab8 20. g3 b6 21.
Nc3 Qd7 22. Ne4 Ne7 23. Bc4 Nc8 24. Qe3 Ng6 25. h4 Qe7 26. h5 Nf8 27. Qf4 Kh8
28. Kh2 Nh7 29. Bd3 Rb7 30. g4 f5 31. exf6 Nxf6 32. Ba6 Nd5 33. Qg3 Rc7 34. Ne5
Nd6 35. Nxd6 Rxd6 36. Bc4 Kg8 37. f4 Qf6 38. Rf1 Qe7 39. Rce1 Nf6 40. f5 Rxd4
41. Bxe6+ Kh7 42. Rf4 c5 43. Nf3 Rxf4 44. Qxf4 Qd8 45. Kh3 Rc6 46. Bc4 Rd6 47.
Re6 Rd1 48. Be2 Rb1 49. Qe5 Bf7 50. Re7 Kg8 51. Rb7 Be8 52. a4 Qc8 53. Bc4+ Kh8
54. Rc7 Qa8 55. Be2 Qd8 56. Rb7 Qc8 57. Qe7 Bd7 58. Ne5 Qxb7 59. Ng6+ 1/2-1/2